000 01055nam a2200253 i 4500
001 163687
003 ES-MaACL
005 20250815164243.0
008 050719s1894 fr | |||||||| ||fre d
040 _aCAM
_bspa
_cCAM
100 1 _aRod, Edouard.
_998088
245 1 0 _aGiacomo Leopardi
_b: Les préraphaélites anglais ; Richard Wagner et l'esthétique allemande; Victor Hugo; Garibald i; Les véristes italien s; M.E. de Amicis; La jeunesse de Cavour /
_cpar Edouard Rod.
250 _a2e éd.
260 _aParis :
_bPerrin et cie,
_c1894 (
_eImprimerie de Lagny :
_fEmile Colin)
300 _a249 p. ;
_c18 cm.
490 1 _aEtudes sur le XIXe siècle
600 1 4 _aLeopardi, Giacomo,
_d1798-1837-
_xCrítica e interpretación
_971705
650 4 _aRomanticismo-
_zAlemania.
_916944
650 4 _aRomanticismo-
_zItalia.
_9165248
650 7 _aPrerrafaelismo
_2embne
_9136762
830 0 _aEtudes sur le XIXe siècle
_9222295
852 _aES-MaACL
_jF-10993
_z-- Enc. hol. conservando la cub. original
999 _c163687
_d163687